| 000 | 00652nam a2200253 a 4500 | ||
|---|---|---|---|
| 003 | AR-BaBNM | ||
| 005 | 20251128202839.0 | ||
| 008 | 082120s2002 ||||||||||||||000 | spa|| | ||
| 040 | _cAR-BaBNM | ||
| 245 | 0 | 0 | _aPrimera antología poética platense |
| 250 | _a1ª ed. | ||
| 260 |
_aBuenos Aires _bEdiciones Antonio Zamora _c1956 |
||
| 300 | _a191 p. | ||
| 490 | 0 |
_aArgentoria _vv. 10 |
|
| 650 | 4 | _aLITERATURA ARGENTINA | |
| 650 | 4 | _aPOESIA | |
| 650 | 4 | _aANTOLOGIAS | |
| 650 | 4 | _aESCRITORES | |
| 650 | 4 | _aLITERATURA CONTEMPORANEA | |
| 655 | _aLITERATURA | ||
| 700 | 1 |
_aSaraví Cisneros, Roberto _ecompilador |
|
| 942 | _cBK | ||
| 998 | _cMARTIN | ||
| 999 |
_c864 _d864 |
||